Estadísticas para Eliminación por Categoría - Estados de EE.UU. #1

Haz click aquí para intentar la prueba.

Estadísticas generales

  • Esta prueba ha sido intentada 445 veces
  • La puntuación promedio es 11 de 16

Estadísticas de respuestas

Grupo#Categoría% Correcto
Verde44Estados con al menos 1 millón de habitantes.
100%
Verde23... que no tienen salida al mar
97%
Naranja41Estados con una superficie sobre 20.000 km²
91%
Naranja15... que contienen la letra E
90%
Morado34Estados que no terminan con la letra A
89%
Morado23... con 8 o más letras en su nombre
87%
Naranja6... son parte de la Región Censal Sur
86%
Azul28Estados con una vocal en sus abreviaturas de 2 letras
86%
Azul15... con una elevación máxima sobre 1000m
82%
Naranja1... y que en el nombre no tiene letras repetidasTexas
77%
Verde3... que comparten frontera terrestre con Canadá
75%
Morado6... cuya capital es su ciudad más grande
51%
Verde1... y no empieza con la letra MIdaho
42%
Azul3... que se incluyeron en la Compra de Luisiana
34%
Morado1... y tiene una elevación máxima de más de 3000mColorado
24%
Azul1... cuya capital contiene exactamente 7 letrasNebraska
15%

Distribución de puntuación

Porcentaje por número respondido

Porcentaje de gente con cada puntuación

Historial de tus puntuaciones

No has intentado esta prueba.